Steely Dan - Kid Charlemagne Lyrics - Statistics

General Stats
  • This quiz has been taken 11 times
  • The average score is 13 of 37
Answer Stats
Hint Answer % Correct
Those San Francisco nights
71%
You'd go to LA on a dare
57%
You must've had it all
57%
You were the best in town
57%
Could you live forever
57%
Did you realize
57%
But yours was kitchen clean
57%
That you were a champion in their eyes
57%
Everyone stopped to stare at your technicolor motorhome
43%
On the hill the stuff was laced with kerosene
43%
You turned it on the world
43%
That's when you turned the world around
43%
Did you feel like Jesus
43%
Could you see the day
43%
Every a-frame had your number on the wall
29%
You are obsolete
29%
You are still an outlaw in their eyes
29%
Look at all the white men on the street
29%
Just by chance you crossed the diamond with the pearl
29%
Just get it all out of here
29%
They've joined the human race
29%
This life can be very strange
29%
Cause the man is wise
29%
Is there gas in the car
29%
Yes there's gas in the car
29%
Some things will never change
29%
Clean this mess up else we'll all end up in jail
29%
Careful what you carry
29%
And you'd go alone
29%
Son you were mistaken
29%
Those test tubes and the scale
14%
I think the people down the hall know who you are
14%
All those dayglow freaks who used to paint the face
14%
Now your patrons have all left you in the red
14%
Could you see your whole world fall apart and fade away
14%
Your low rent friends are dead
0%
While music plays you work by candlelight
0%
No matching quizzes found
Score Distribution
Percent of People with Each Score
Percentile by Number Answered
Your Score History
You have not taken this quiz